Music Quiz

Random Music or Rock Quiz

Weezer Albums Quiz Stats

 Plays Quiz Updated Nov 9, 2019

Score 0/13 Timer 04:00
16 Plays Today
Year Album Title % Correct
1994Weezer (Blue Album)
99.6%
2001Weezer (Green Album)
98.3%
2008Weezer (Red Album)
95.1%
2019Weezer (Black Album)
91.8%
2016Weezer (White Album)
91.4%
2019Weezer (Teal Album)
86.9%
1996Pinkerton
79.2%
2010Hurley
47.8%
2002Maladroit
47%
2009Raditude
45%
2005Make Believe
40.1%
2017Pacific Daydream
27.4%
2014Everything Will Be Alright in the End
26.8%

You're not logged in!

Compare scores with friends on all Sporcle quizzes.
OR
Log In

Sporcle TV

Today on Sporcle TV


Watch our educational content, quiz creation guides, and fun videos on Sporcle TV.

Show Comments

Extras

Top Quizzes Today


Score Distribution

Your Account Isn't Verified!

In order to create a playlist on Sporcle, you need to verify the email address you used during registration. Go to your Sporcle Settings to finish the process.

Report this User

Report this user for behavior that violates our Community Guidelines.

Details: